000 01628nam a22004217a 4500
003 CHAP
005 20220817042941.0
008 971013s1995 r 00010 d
010 _a60956
011 _a61928
035 _a66100
040 _cCHAP
082 _a632.58
_bP4
100 0 0 _aPérez Panduro, Alejandro.
_989908
245 _aControl biológico del lirio acuático en el Distrito de Riego 010, Culicán-Humaya-San Lorenzo, en Sinaloa
_b: proyecto : informe final : anexo siete del Convenio-IMTA-Colegio
260 _aMontecillo, Méx. :
_bColegio de Postgraduados,
_c1995
300 _a64 h.
_b; ilus.
590 _aBATCH-UPD
_b10
_c20130110
_lUCH01
_h0035
590 _aBATCH-UPD
_b10
_c20130110
_lUCH01
_h0510
590 _aBATCH-UPD
_b10
_c20130110
_lUCH01
_h2208
590 _aBATCH-UPD
_b10
_c20130409
_lUCH01
_h2018
590 _aBATCH-UPD
_b10
_c20130410
_lUCH01
_h0351
590 _aBATCH-UPD
_b10
_c20130913
_lUCH01
_h2314
590 _aCONVERSION
_b10
_c20130109
_lUCH01
_h1333
650 1 4 _aControl biológico de malas hierbas.
_927584
650 1 4 _aDistrito de Riego Culiacán, Sin.
_932865
650 1 4 _aLirio acuático.
_967070
650 1 4 _aNeochetina bruchi.
_980847
650 1 4 _aNeochetina eichhorniae.
_980848
650 1 4 _aSameodes albiguttalis.
_9101906
700 0 _aAguilar Zepeda, José Angel.
_92884
700 0 _aAndrade Domínguez, Beatriz.
_95650
710 0 _aInstituto Mexicano de Tecnología del Agua.
710 0 _aPrograma de Control Biológico del Lirio Acuático.
_992292
901 _aBK
942 _cLIBRO
949 _a632.58 P4
_bBC
_cUACH
_d33724000603023
_eUACH
_h89940
_i66100
_sb
999 _c60956
_d60956